ბათუმის შოთა რუსთაველის სახელმწიფო უნივერსიტეტის ბიბლიოთეკა

Советские математики (ბიბ.ჩანაწერი № 48128)

000 -LEADER
fixed length control field 00523nam a2200205Ia 4500
001 - CONTROL NUMBER
control field 15009
003 - CONTROL NUMBER IDENTIFIER
control field GE_BSU
008 - FIXED-LENGTH DATA ELEMENTS--GENERAL INFORMATION
fixed length control field 181216s||||||||xx |||||||||||||| ||und||
040 ## - CATALOGING SOURCE
Transcribing agency GE_BSU
080 ## - UNIVERSAL DECIMAL CLASSIFICATION NUMBER
Universal Decimal Classification number 51(092)
100 ## - MAIN ENTRY--PERSONAL NAME
Personal name Бородин,А.И.
245 ## - TITLE STATEMENT
Title Советские математики
245 ## - TITLE STATEMENT
Statement of responsibility, etc. Ред.Н.А.Пауков
260 ## - PUBLICATION, DISTRIBUTION, ETC.
Place of publication, distribution, etc. Донецк
260 ## - PUBLICATION, DISTRIBUTION, ETC.
Name of publisher, distributor, etc. Вища школа
260 ## - PUBLICATION, DISTRIBUTION, ETC.
Date of publication, distribution, etc. 1982
300 ## - PHYSICAL DESCRIPTION
Extent 132стр.20см.
653 ## - INDEX TERM--UNCONTROLLED
Uncontrolled term Советские математики
942 ## - ADDED ENTRY ELEMENTS (KOHA)
Koha item type წიგნი
ეგზემპლარები
Withdrawn status Lost status Damaged status Not for loan Date acquired Barcode Date last seen Price effective from Koha item type
        2018-12-17 15833 2018-12-17 2018-12-17 წიგნი